Matter /

Guardado en:
Bibliografiske detaljer
Hovedforfatter: Lapp, Ralph E. (autor)
Andre forfattere: Snow, Charles Percy (introducción) (introducción)
Format: Bog
Sprog:engelsk
Udgivet: Nueva York, EUA : Time, 1963, c1963
Serier:(Life Science Library)
Fag:
Tags: Tilføj Tag
Ingen Tags, Vær først til at tagge denne postø!

MARC

LEADER 00000nam^a2200000^a^4500
001 000031782
005 20250521000000.0
009 20260310085056.745
037 |a Acervo ITESO - Biblioteca 
041 |a ING 
082 |a 500.  |b TIM V. 1 
100 |a Lapp, Ralph E.  |e (autor) 
240 1 1 |a [Materia] 
245 1 0 |a Matter /  |c R.E. Lapp ; introd. de C.P. Snow. 
264 4 |a Nueva York, EUA :  |b Time,  |c 1963, c1963 
300 |a 200 p. 
336 |a texto  |b txt  |2 rdacontenido 
337 |a sin mediación  |b n  |2 rdamedio 
338 |a volumen  |b nc  |2 rdasoporte 
440 1 |a (Life Science Library) 
649 |a XX 
650 |a Materia -  |x Tema Principal 
650 |a Física 
700 |a Snow, Charles Percy  |e (introducción) 
910 |a Fondo General 
920 |a Impresos - Libros 
930 |a Obras de Referencia 
905 |a 102 
901 |a 0317820100  |b IT2  |c REF  |i 031782  |u 20250521 
902 |a https://opac.biblio.iteso.mx/vufind/Record/000031782